[Event "DVM U20w 2014"]
[Site "Naumburg (Saale) GER"]
[Date "2014.12.30"]
[Round "7"]
[White "van Lindt, Marietta"]
[Black "Goldhausen, Nina"]
[Result "1/2-1/2"]
[Termination "normal"]
[Board "5.4"]
[WhiteElo "1135"]
[BlackElo "1179"]
[WhiteTeam "SK Münster"]
[BlackTeam "SC 1979 Hattersheim"]
[PlyCount "47"]
[WhiteFideId "12998842"]
[BlackFideId "12927309"]
[EventCountry "GER"]
[EventRounds "7"]
[EventType "team-swiss"]
[EventDate "2014.12.26"]

1. e4 c6 2. d4 d5 3. exd5 cxd5 4. Nf3 Bf5 5. Bf4 Nf6 6. Nc3 e6 7. Bd3 Bxd3 8.
cxd3 Bd6 9. Bg5 Nc6 10. O-O O-O 11. Rc1 Be7 12. Re1 Nd7 13. Bxe7 Nxe7 14. Ne5
Nf6 15. Qf3 Qb6 16. Na4 Qd6 17. Nc5 Rab8 18. Qg3 Rfd8 19. Qh4 Nf5 20. Qf4 h6
21. Nb3 Nh5 22. Qf3 Nf6 23. Qf4 Nh5 24. Qg4 1/2-1/2

[Event "DVM U20w 2014"]
[Site "Naumburg (Saale) GER"]
[Date "2014.12.30"]
[Round "7"]
[White "Sturm, Johanna"]
[Black "Reyher, Susan"]
[Result "0-1"]
[Termination "normal"]
[Board "6.2"]
[WhiteElo "1635"]
[BlackElo "1667"]
[WhiteTeam "TTC Grün-Weiß Fritzdorf"]
[BlackTeam "SV "Glück auf" Rüdersdorf"]
[PlyCount "110"]
[WhiteFideId "12909904"]
[BlackFideId "24686107"]
[EventCountry "GER"]
[EventRounds "7"]
[EventType "team-swiss"]
[EventDate "2014.12.26"]

1. e4 e5 2. Nf3 Nc6 3. Bc4 Bc5 4. d3 d6 5. h3 Nf6 6. Bg5 Be6 7. Bb3 h6 8. Bh4
g5 9. Bg3 Qd7 10. Bxe6 fxe6 11. Qe2 O-O-O 12. Nbd2 Nh5 13. O-O-O Nf4 14. Bxf4
exf4 15. Nb3 Bb6 16. Nfd2 Rhe8 17. Nc4 d5 18. Nxb6+ axb6 19. f3 Na7 20. Kb1 c5
21. Rhe1 Kc7 22. c4 dxc4 23. dxc4 Qa4 24. Nc1 Nc6 25. b3 Qa6 26. Rxd8 Rxd8 27.
Rd1 Nd4 28. Qd3 Kc6 29. Ne2 b5 30. cxb5+ Qxb5 31. Qxb5+ Kxb5 32. Nc3+ Kb4 33.
Kb2 b5 34. a3+ Ka5 35. Ne2 Kb6 36. Nc1 Kc6 37. Nd3 Kd6 38. Nb4 Kc7 39. Nc2 Rd6
40. Ne1 Kd7 41. Nd3 Nxb3 42. Ne5+ Ke7 43. Rxd6 Kxd6 44. Nf7+ Ke7 45. Nxh6 Na5
46. Ng4 Nc4+ 47. Kb3 Kd6 48. a4 Na5+ 49. Ka3 b4+ 50. Kb2 c4 51. Nf2 Ke5 52. Kc2
Kd4 53. Nd1 c3 54. Kb1 Kd3 55. Kc1 Nb3+ 0-1

[Event "DVM U20w 2014"]
[Site "Naumburg (Saale) GER"]
[Date "2014.12.30"]
[Round "7"]
[White "Schmid, Katharina"]
[Black "Schüll, Annika"]
[Result "1/2-1/2"]
[Termination "normal"]
[Board "6.3"]
[WhiteElo "1279"]
[BlackElo "1362"]
[WhiteTeam "SV "Glück auf" Rüdersdorf"]
[BlackTeam "TTC Grün-Weiß Fritzdorf"]
[PlyCount "79"]
[WhiteFideId "12918210"]
[BlackFideId "16200365"]
[EventCountry "GER"]
[EventRounds "7"]
[EventType "team-swiss"]
[EventDate "2014.12.26"]

1. e4 c5 2. Nf3 d6 3. d4 cxd4 4. Nxd4 Nc6 5. Nc3 Nf6 6. Be2 e6 7. O-O Be7 8.
Be3 O-O 9. Kh1 a6 10. f4 Qc7 11. Qe1 Rb8 12. a4 b6 13. Qg3 Bb7 14. Bd3 Rfd8 15.
Rae1 d5 16. exd5 Nxd5 17. Nxc6 Bxc6 18. Bd4 Nf6 19. Be5 Qb7 20. Bxb8 Qxb8 21.
Bxa6 Rd2 22. Rf2 Nh5 23. Rxd2 Nxg3+ 24. hxg3 Qa8 25. Bb5 Bxb5 26. axb5 g6 27.
Red1 Kg7 28. Rd7 Bf6 29. R7d6 Qa5 30. Rc6 Bxc3 31. Rxc3 Qxb5 32. Rc7 Qxb2 33.
Rdd7 Qf6 34. Rb7 e5 35. fxe5 Qxe5 36. Rxf7+ Kg8 37. Rxh7 Qxg3 38. Rhg7+ Kf8 39.
Rgf7+ Kg8 40. Rg7+ 1/2-1/2

[Event "DVM U20w 2014"]
[Site "Naumburg (Saale) GER"]
[Date "2014.12.30"]
[Round "7"]
[White "Heyer, Maya"]
[Black "Friedrich, Laura"]
[Result "0-1"]
[Termination "normal"]
[Board "6.4"]
[WhiteElo "751"]
[BlackElo "1012"]
[WhiteTeam "TTC Grün-Weiß Fritzdorf"]
[BlackTeam "SV "Glück auf" Rüdersdorf"]
[PlyCount "48"]
[WhiteFideId "16200381"]
[BlackFideId "12952249"]
[EventCountry "GER"]
[EventRounds "7"]
[EventType "team-swiss"]
[EventDate "2014.12.26"]

1. e4  e5  2. Nf3 Nc6 3. Bc4 Nf6 4. Nc3 Nxe4 5. Nxe4 d5 6. d3 dxc4 7. Bg5 Be7
8. O-O cxd3 9. c3 Bf5 10. Ng3 Bg4 11. Bxe7 Nxe7 12. h3 Bf5 13. Nxf5 Nxf5 14.
Nxe5 Qd5 15. Nxd3 O-O 16. b3 Nh4 17. Nf4 Qe4 18. Qd2 Rfe8 19. Rae1 Qc6 20.
Rxe8+ Rxe8 21. g3 Nf3+ 22. Kh1 Nxd2+ 23. Kg1 Nxf1 24. Kxf1 Qh1# 0-1